[Event "Under 1850 League"]
[Site "?"]
[Date "2020.01.26"]
[Round "1.1"]
[White "Thomas, Andrew"]
[Black "Allford, Zane"]
[Result "1/2-1/2"]
[WhiteElo "1816"]
[BlackElo "1868"]
[PlyCount "38"]
[EventDate "2020.01.??"]
[EventType "team"]
[EventCountry "WLS"]
[WhiteTeam "West Wales Dragons"]
[BlackTeam "Abergavenny"]

1. d4 Nf6 2. Nf3 g6 3. e3 Bg7 4. Bd3 O-O 5. Nbd2 d6 6. O-O Nbd7 7. c3 Re8 8. e4
e5 9. Re1 Nh5 10. Nc4 b5 11. Na3 a6 12. Be3 Bb7 13. d5 Nc5 14. Bxc5 dxc5 15. c4
b4 16. Nb1 Qd7 17. Nbd2 a5 18. a4 Nf6 19. h3 Qd6 1/2-1/2

[Event "Under 1850 League"]
[Site "?"]
[Date "2020.01.26"]
[Round "1.2"]
[White "Dixon, Chris"]
[Black "Williams, Duncan"]
[Result "0-1"]
[WhiteElo "1803"]
[BlackElo "1735"]
[PlyCount "82"]
[EventDate "2020.01.??"]
[EventType "team"]
[EventCountry "WLS"]
[WhiteTeam "Abergavenny"]
[BlackTeam "West Wales Dragons"]

{[%evp 0,82,14,25,25,24,61,25,18,20,5,5,5,-4,19,14,31,10,18,8,29,9,10,4,31,4,7,
-9,-10,-11,-9,-34,12,8,55,11,11,2,31,-4,36,-20,0,-20,0,-4,20,3,14,18,2,9,38,43,
31,36,37,-14,-22,-11,-11,-36,11,-46,-48,-37,-41,-93,-204,-416,-450,-550,-710,
-1101,-1329,-29989,-29990,-29991,-29992,-29993,-29994,-29995,-29996,-29997,
-29998]} 1. e4 e5 2. Nc3 Bc5 3. Nf3 Nc6 4. Bc4 Nf6 5. d3 O-O 6. Bg5 Be7 7. O-O
d6 8. h3 Na5 9. Bb3 Nxb3 10. axb3 h6 11. Be3 a6 12. Qd2 c5 13. Ne2 Qc7 14. c4
Bd7 15. Ng3 Qc8 16. b4 b6 17. Ra2 Re8 18. bxc5 bxc5 19. Rfa1 Qb7 20. Ne2 Bd8
21. Qc2 Kh7 22. Ra3 Ng8 23. b3 f5 24. Nc3 f4 25. Bd2 g5 26. Qa2 Bc8 27. Nd5 Nf6
28. Nxf6+ Bxf6 29. Ra4 g4 30. hxg4 Qg7 31. Nh2 h5 32. Bc3 hxg4 33. Qb1 Rh8 34.
Qd1 Kg8 35. f3 g3 36. Ng4 Bxg4 37. Rxa6 Rh1+ 38. Kxh1 Qh6+ 39. Kg1 Qh2+ 40. Kf1
Qh1+ 41. Ke2 Qxg2+ 0-1

[Event "Under 1850 League"]
[Site "?"]
[Date "2020.01.26"]
[Round "1.3"]
[White "Philpin, Les"]
[Black "Horrell, Steve"]
[Result "1-0"]
[WhiteElo "1671"]
[BlackElo "1719"]
[PlyCount "157"]
[EventDate "2020.01.??"]
[EventType "team"]
[EventCountry "WLS"]
[WhiteTeam "West Wales Dragons"]
[BlackTeam "Abergavenny"]

1. d4 d5 2. Nf3 Nf6 3. c3 c5 4. Bf4 Nc6 5. e3 Qb6 6. Qc2 Bf5 7. dxc5 Bxc2 8.
cxb6 axb6 9. Nbd2 e6 10. Be2 Rc8 11. O-O Be7 12. Bb5 O-O 13. Rac1 Be4 14. h3
Rfd8 15. Rfd1 h6 16. Nxe4 Nxe4 17. Nd2 Nd6 18. Bxd6 Bxd6 19. Nf3 Ra8 20. Ra1
Na5 21. Nd2 Rdc8 22. Bd3 Nc6 23. Nb3 Ne5 24. Kf1 Nc4 25. Bxc4 Rxc4 26. Rd4 b5
27. Nd2 Rc6 28. a3 Ra5 29. Ke2 Be5 30. Rd3 b4 31. Nb1 bxa3 32. Rxa3 Rxa3 33.
Nxa3 Rb6 34. Rd2 Kf8 35. Kd3 Bd6 36. b4 Ke7 37. e4 Bf4 38. Re2 dxe4+ 39. Kxe4
Bc1 40. Nc4 Rc6 41. Kd3 Bg5 42. Rc2 Bf6 43. Na5 Rd6+ 44. Kc4 b6 45. Nb3 Rd5 46.
Nd2 b5+ 47. Kb3 Rd3 48. Ne4 g5 49. Nc5 Rd1 50. Ra2 Rb1+ 51. Kc2 Rf1 52. Ra7+
Kf8 53. Nd3 Rg1 54. g3 e5 55. Nc5 Re1 56. Kd2 Rh1 57. Ne4 Be7 58. Ra8+ Kg7 59.
Rb8 Rh2 60. Ke2 f5 61. Nc5 f4 62. Ne4 Kf7 63. Rxb5 fxg3 64. Nxg3 Ke6 65. c4
Rxh3 66. Rb6+ Kd7 67. c5 Kc7 68. Re6 Kd7 69. Rxe5 Rh4 70. Ne4 Rf4 71. b5 Bxc5
72. Nxc5+ Kd6 73. Nd3 Rc4 74. Rf5 Ke6 75. Rc5 Rxc5 76. Nxc5+ Kd6 77. b6 Kc6 78.
b7 Kc7 79. Kf3 1-0

[Event "Under 1850 League"]
[Site "?"]
[Date "2020.01.26"]
[Round "1.4"]
[White "Mills, Paul"]
[Black "Smith, Andrew"]
[Result "0-1"]
[WhiteElo "1528"]
[BlackElo "1659"]
[PlyCount "74"]
[EventDate "2020.01.??"]
[EventType "team"]
[EventCountry "WLS"]
[WhiteTeam "Abergavenny"]
[BlackTeam "West Wales Dragons"]

1. d4 d5 2. c4 e6 3. Nf3 Nf6 4. Bg5 Be7 5. Nc3 O-O 6. e3 h6 7. Bh4 a6 8. Be2
dxc4 9. Bxc4 b5 10. Be2 Bb7 11. O-O Nbd7 12. Bg3 c5 13. dxc5 Nxc5 14. Qc2 Rc8
15. Rad1 Qb6 16. a3 Nce4 17. Be5 Nxc3 18. Bxc3 Qc6 19. Nh4 Ne4 20. Nf3 Bf6 21.
Rc1 Nxc3 22. bxc3 Qxc3 23. Qd3 Qxd3 24. Bxd3 Bb2 25. Rxc8 Rxc8 26. Rd1 Bxf3 27.
gxf3 Bxa3 28. Kf1 Kf8 29. Ke2 Ke7 30. Ra1 Rc3 31. Kd2 Bb4 32. Rb1 Rb3+ 33. Kc2
Rxb1 34. Kxb1 Be1 35. Kb2 Kd6 36. f4 Bxf2 37. e4 Kc5 0-1

[Event "Under 1850 League"]
[Site "?"]
[Date "2020.01.26"]
[Round "1.5"]
[White "Pinch, David"]
[Black "Smith, Callum"]
[Result "1/2-1/2"]
[WhiteElo "1791"]
[BlackElo "1680"]
[PlyCount "53"]
[EventDate "2020.01.??"]
[EventType "team"]
[EventCountry "WLS"]
[WhiteTeam "Steynton"]
[BlackTeam "Capital Panthers"]

{[%evp 0,53,14,14,20,-16,27,26,44,7,7,-1,26,26,24,15,24,11,17,11,10,19,12,14,
19,-6,20,19,22,17,19,21,28,33,16,25,25,9,7,10,14,-9,-22,-27,-26,-26,-36,-31,
-27,-36,-29,-34,-20,-25,-27,-32]} 1. d4 d5 2. c4 c6 3. Nf3 Nf6 4. cxd5 cxd5 5.
g3 e6 6. Bg2 Nc6 7. O-O Bb4 8. Bd2 Qb6 9. Bxb4 Qxb4 10. Qd2 O-O 11. Qxb4 Nxb4
12. Nbd2 Bd7 13. a3 Nc6 14. Rfc1 Rfc8 15. e3 a5 16. Bf1 Na7 17. Ne5 Bb5 18. Bd3
b6 19. Bxb5 Nxb5 20. Rc6 Rxc6 21. Nxc6 Kf8 22. Ne5 Rc8 23. Ndf3 Ke7 24. Nd3 Ne4
25. Rc1 Rxc1+ 26. Nxc1 Nbd6 27. Nd3 1/2-1/2

[Event "Under 1850 League"]
[Site "?"]
[Date "2020.01.26"]
[Round "1.6"]
[White "Smith, Ellison"]
[Black "Jones, Martin C"]
[Result "1/2-1/2"]
[WhiteElo "1699"]
[BlackElo "1762"]
[PlyCount "145"]
[EventDate "2020.01.??"]
[EventType "team"]
[EventCountry "WLS"]
[WhiteTeam "Capital Panthers"]
[BlackTeam "Steynton"]

1. e4 c5 2. c3 d5 3. exd5 Qxd5 4. d4 Nc6 5. Nf3 Bg4 6. Be2 e6 7. O-O cxd4 8.
cxd4 Nf6 9. Nc3 Qa5 10. h3 Bh5 11. Qb3 Qb4 12. Qxb4 Bxb4 13. Rd1 O-O 14. Na4
Rac8 15. a3 Be7 16. Bg5 h6 17. Bh4 Rfd8 18. g4 Bg6 19. Rac1 Nd5 20. Bxe7 Ncxe7
21. Nc5 Nf4 22. Bf1 b6 23. Nd3 Bxd3 24. Rxc8 Rxc8 25. Bxd3 Nxh3+ 26. Kg2 Nf4+
27. Kg3 Nxd3 28. Rxd3 Nd5 29. Nd2 Kf8 30. Ne4 Ke7 31. b4 a6 32. f3 g6 33. Nf2
Rc2 34. Ne4 f5 35. Nd2 Kd6 36. gxf5 exf5 37. f4 g5 38. fxg5 hxg5 39. Nf3 f4+
40. Kh3 Rc3 41. Rxc3 Nxc3 42. Nxg5 Kd5 43. Kg4 Ne2 44. a4 Nxd4 45. b5 a5 46.
Kxf4 Ne2+ 47. Ke3 Nc3 48. Kd3 Nxa4 49. Nf3 Nc5+ 50. Kc3 Nb7 51. Kb3 Nd6 52. Ka4
Kc5 53. Ne5 Nxb5 54. Nd3+ Kd4 55. Nc1 Nc3+ 56. Kb3 a4+ 57. Ka3 b5 58. Kb4 a3
59. Kxa3 Kc4 60. Kb2 b4 61. Ka1 Na4 62. Ka2 Kc3 63. Nb3 Kc2 64. Na5 Nc5 65. Nc4
b3+ 66. Ka1 Na4 67. Na3+ Kc1 68. Nc4 Nc3 69. Nb2 Nd5 70. Nd3+ Kc2 71. Nb4+ Kc1
72. Nd3+ Kc2 73. Nb4+ 1/2-1/2

[Event "Under 1850 League"]
[Site "?"]
[Date "2020.01.26"]
[Round "1.7"]
[White "Paffard, Mark"]
[Black "Smith, Alun"]
[Result "1/2-1/2"]
[WhiteElo "1603"]
[BlackElo "1648"]
[PlyCount "63"]
[EventDate "2020.01.??"]
[EventType "team"]
[EventCountry "WLS"]
[WhiteTeam "Steynton"]
[BlackTeam "Capital Panthers"]

1. e4 e6 2. d4 d5 3. e5 c5 4. c3 Qb6 5. Nf3 Nc6 6. Bd3 Bd7 7. dxc5 Bxc5 8. O-O
Qc7 9. Bf4 Nge7 10. Qe2 Ng6 11. Bg3 Be7 12. Nbd2 Qb6 13. b4 O-O 14. b5 Na5 15.
h4 f5 16. h5 Nh8 17. a4 Nf7 18. Bf4 h6 19. Rac1 Rac8 20. Rfe1 Qd8 21. Bxf5 Nxe5
22. Nxe5 Rxf5 23. Nxd7 Qxd7 24. Qxe6+ Qxe6 25. Rxe6 Rxf4 26. Rxe7 Rxa4 27. Rd7
Ra3 28. Rxd5 Raxc3 29. Rxc3 Rxc3 30. Kf1 Rc2 31. Ke1 Rb2 32. Rf5 1/2-1/2

[Event "Under 1850 League"]
[Site "?"]
[Date "2020.01.26"]
[Round "1.8"]
[White "Szakmany, Bence"]
[Black "Hammett, Scott"]
[Result "1/2-1/2"]
[WhiteElo "1600"]
[BlackElo "1602"]
[PlyCount "57"]
[EventDate "2020.01.??"]
[EventType "team"]
[EventCountry "WLS"]
[WhiteTeam "Capital Panthers"]
[BlackTeam "Steynton"]

1. e4 c5 2. Nf3 Nc6 3. d4 cxd4 4. Nxd4 e6 5. Nc3 d6 6. Bc4 Be7 7. O-O Nf6 8.
Bb3 O-O 9. Re1 a6 10. a4 Qc7 11. f4 d5 12. e5 Nxd4 13. exf6 Bxf6 14. Bd2 Bd7
15. Bxd5 exd5 16. Nxd5 Qxc2 17. Nxf6+ gxf6 18. Bc3 Qxd1 19. Raxd1 Nc2 20. Re2
Bg4 21. Rd3 h5 22. Rxc2 Kh7 23. Rd6 Be6 24. Rb6 Bd5 25. Rd2 Bc6 26. a5 Rad8 27.
Rxd8 Rxd8 28. Kf2 Rg8 29. g3 1/2-1/2

[Event "Under 1850 League"]
[Site "?"]
[Date "2020.01.26"]
[Round "1.9"]
[White "Buttell, David"]
[Black "Thomas, Roy"]
[Result "1/2-1/2"]
[WhiteElo "1847"]
[BlackElo "1757"]
[PlyCount "75"]
[EventDate "2020.01.??"]
[EventType "team"]
[EventCountry "WLS"]
[WhiteTeam "White Knights"]
[BlackTeam "Ponty Youth"]

1. d4 f5 2. g3 Nf6 3. Bg2 e6 4. Nf3 d5 5. Nbd2 c5 6. c3 Nc6 7. O-O Bd7 8. Ne5
cxd4 9. Nxc6 Bxc6 10. cxd4 Bd6 11. f4 O-O 12. Nf3 Rc8 13. Ne5 Qb6 14. Kh1 Rc7
15. Rf3 Ne4 16. Rf1 Bxe5 17. fxe5 Rcf7 18. b3 Qa6 19. Bf3 Rc7 20. a4 Rfc8 21.
Ba3 Be8 22. Bxe4 dxe4 23. d5 exd5 24. Qxd5+ Bf7 25. Qd2 Rc2 26. Qd1 Bxb3 27.
Rxf5 Be6 28. Qxc2 Bxf5 29. Qb3+ Be6 30. Qb5 Qxb5 31. axb5 Kf7 32. Bd6 Ra8 33.
Kg2 a6 34. b6 Bd5 35. Kf2 Ke6 36. Ke3 Rc8 37. Bc7 Rf8 38. Bd6 1/2-1/2

[Event "Under 1850 League"]
[Site "?"]
[Date "2020.01.26"]
[Round "1.10"]
[White "Ryan, Jeremy"]
[Black "Thomas, Mark"]
[Result "0-1"]
[WhiteElo "1603"]
[BlackElo "1800"]
[PlyCount "150"]
[EventDate "2020.01.??"]
[EventType "team"]
[EventCountry "WLS"]
[WhiteTeam "Ponty Youth"]
[BlackTeam "White Knights"]

1. d4 d6 2. Nf3 Nf6 3. Bf4 g6 4. h3 Bg7 5. c3 Nbd7 6. e3 O-O 7. Nbd2 b6 8. Bc4
Bb7 9. Qe2 e6 10. O-O Qe7 11. Rad1 Rfd8 12. Rfe1 h6 13. e4 e5 14. Bh2 a6 15. d5
Rf8 16. b4 Nh7 17. Bd3 f5 18. c4 f4 19. Kh1 g5 20. g4 fxg3 21. fxg3 h5 22. Nf1
Ndf6 23. Ne3 Bc8 24. Qg2 Ne8 25. g4 Qf7 26. Nf5 Bxf5 27. gxf5 Bf6 28. Nh4 Kg7
29. Ng6 Rg8 30. Be2 Nf8 31. Bxh5 Rh8 32. Nxh8 Qxh5 33. Ng6 Nxg6 34. fxg6 Qxg6
35. Rg1 Kh6 36. h4 Ng7 37. hxg5+ Bxg5 38. Rdf1 Rh8 39. Qh3+ Qh5 40. Qxh5+ Nxh5
41. Rf7 Nf6 42. Rxc7 Nxe4 43. Kg2 Kg6 44. Rf1 Rh4 45. Rff7 Nd2 46. Rg7+ Kf5 47.
Rcf7+ Bf6 48. Rh7 Rxc4 49. Rh6 Ne4 50. Bg3 Rc2+ 51. Kg1 Kg4 52. Be1 Bg5 53. Rh2
Rc1 54. Rg2+ Kh5 55. Re2 Nf6 56. Kf2 Nxd5 57. Bd2 Rc4 58. Bxg5 Kxg5 59. Rd2 Nf6
60. a3 Ne4+ 61. Ke3 Nxd2 62. Kxd2 a5 63. Rd7 Rd4+ 64. Ke3 axb4 65. axb4 Kf5 66.
Rb7 Rxb4 67. Rf7+ Ke6 68. Rb7 Kd5 69. Rh7 Rb3+ 70. Kd2 e4 71. Rh5+ Kd4 72. Rh6
d5 73. Kc2 Rc3+ 74. Kd2 e3+ 75. Ke2 Rc2+ 0-1

[Event "Under 1850 League"]
[Site "?"]
[Date "2020.01.26"]
[Round "1.13"]
[White "Dineen, Rob"]
[Black "Dodington, Russell"]
[Result "1/2-1/2"]
[WhiteElo "1788"]
[BlackElo "1692"]
[PlyCount "61"]
[EventDate "2020.01.??"]
[EventType "team"]
[EventCountry "WLS"]
[WhiteTeam "North Cardiff Dragon Slayers"]
[BlackTeam "West Wales Griffins"]

1. e4 Nf6 2. e5 Nd5 3. c4 Nb6 4. d4 d6 5. exd6 cxd6 6. Nf3 g6 7. Nc3 Bg7 8. Bg5
O-O 9. Be2 Nc6 10. O-O Bg4 11. d5 Bxf3 12. Bxf3 Ne5 13. b3 Nexc4 14. bxc4 Bxc3
15. Rc1 Bg7 16. Re1 Re8 17. Bg4 Nd7 18. Qf3 Nc5 19. Qh3 f5 20. Be2 Qd7 21. Be3
e5 22. dxe6 Qxe6 23. Bxc5 dxc5 24. Kf1 Rad8 25. Bf3 Qa6 26. Bd5+ Kh8 27. Rxe8+
Rxe8 28. Qb3 Qa5 29. Qb5 Qxb5 30. cxb5 Bd4 31. Bxb7 1/2-1/2

[Event "Under 1850 League"]
[Site "?"]
[Date "2020.01.26"]
[Round "1.14"]
[White "Evans, James"]
[Black "Janas, Mark"]
[Result "1/2-1/2"]
[WhiteElo "1606"]
[BlackElo "1735"]
[PlyCount "45"]
[EventDate "2020.01.??"]
[EventType "team"]
[EventCountry "WLS"]
[WhiteTeam "West Wales Griffins"]
[BlackTeam "North Cardiff Dragon Slayers"]

1. e4 c5 2. Nf3 e6 3. d4 cxd4 4. Nxd4 Nf6 5. Nc3 Bb4 6. Bd2 Bxc3 7. Bxc3 Nxe4
8. Qg4 Nxc3 9. Qxg7 Rf8 10. bxc3 Qa5 11. Nb3 Qc7 12. Bd3 h5 13. O-O Nc6 14.
Rfe1 d6 15. Qg5 Bd7 16. Re3 Ne5 17. Be2 Ng4 18. Bxg4 hxg4 19. Nd4 e5 20. Rd1
Qd8 21. Qh6 Qe7 22. Ne2 Be6 23. Red3 1/2-1/2

[Event "Under 1850 League"]
[Site "?"]
[Date "2020.01.26"]
[Round "1.15"]
[White "Penny, Liam"]
[Black "Chung, Daniel"]
[Result "0-1"]
[WhiteElo "1739"]
[BlackElo "1642"]
[PlyCount "56"]
[EventDate "2020.01.??"]
[EventType "team"]
[EventCountry "WLS"]
[WhiteTeam "North Cardiff Dragon Slayers"]
[BlackTeam "West Wales Griffins"]

1. d4 Nf6 2. Nf3 e6 3. e3 d5 4. Bd3 c5 5. b3 Nc6 6. O-O Bd7 7. Bb2 cxd4 8. exd4
Be7 9. Nbd2 O-O 10. a3 Re8 11. Ne5 Bd6 12. f4 Bc8 13. Rf3 Qb6 14. c3 Bxe5 15.
fxe5 Nxe5 16. Rh3 Nxd3 17. Rxd3 e5 18. Kh1 exd4 19. Rxd4 Ne4 20. Nxe4 dxe4 21.
Rd6 Qc7 22. Qd4 Qe7 23. c4 f6 24. Rf1 b6 25. Rf4 e3 26. Rdxf6 e2 27. Bc3 gxf6
28. Qxf6 Qxf6 0-1

[Event "Under 1850 League"]
[Site "?"]
[Date "2020.01.26"]
[Round "1.16"]
[White "Chung, Joel"]
[Black "Slater, Peter"]
[Result "1/2-1/2"]
[WhiteElo "1526"]
[BlackElo "1647"]
[PlyCount "78"]
[EventDate "2020.01.??"]
[EventType "team"]
[EventCountry "WLS"]
[WhiteTeam "West Wales Griffins"]
[BlackTeam "North Cardiff Dragon Slayers"]

1. e4 c5 2. Nc3 g6 3. f4 Bg7 4. Nf3 e6 5. Bc4 a6 6. d3 Nc6 7. O-O b5 8. Bb3
Nge7 9. Ne2 d5 10. c4 dxc4 11. dxc4 Qxd1 12. Rxd1 Na5 13. Be3 Bxb2 14. Rab1 Ba3
15. Rd3 bxc4 16. Ba4+ Nec6 17. Rxa3 O-O 18. Bxc5 Rd8 19. Rc3 e5 20. Bb6 Rd3 21.
Bxa5 Nxa5 22. Nxe5 Rd2 23. Kf2 Rxa2 24. Bc6 Nxc6 25. Nxc6 Bg4 26. Ncd4 Rd8 27.
Rxc4 Rxd4 28. Rxd4 Rxe2+ 29. Kg3 h5 30. h3 Be6 31. Ra1 Kg7 32. Rxa6 Bc8 33. Ra7
Be6 34. Kf3 Rc2 35. Rd3 Bc4 36. Re3 Bf1 37. f5 Bxg2+ 38. Kg3 g5 39. e5 Bd5
1/2-1/2

[Event "Under 1850 League"]
[Site "?"]
[Date "2020.02.23"]
[Round "2.1"]
[White "Lawrence, Alex"]
[Black "Hooper, Chris"]
[Result "1-0"]
[WhiteElo "1466"]
[BlackElo "1513"]
[PlyCount "63"]
[EventDate "2020.??.??"]
[EventType "team"]
[EventCountry "WLS"]
[WhiteTeam "Ponty Youth"]
[BlackTeam "Cardiff Lions"]

1. e4 d5 2. exd5 Qxd5 3. Nc3 Qa5 4. d4 c6 5. Nf3 Nf6 6. Bd3 Bf5 7. O-O Bxd3 8.
Qxd3 Nbd7 9. Bd2 Qc7 10. Ne2 e6 11. c4 Rd8 12. c5 Nxc5 13. Qc4 b5 14. Qc2 Nce4
15. Bf4 Bd6 16. Ne5 h6 17. f3 Ng5 18. h4 Ngh7 19. Nc3 Nd5 20. Nxd5 cxd5 21. Qb3
Qb6 22. Qe3 Nf6 23. Rac1 Bxe5 24. Bxe5 Qb7 25. Rc7 Qa8 26. Bxf6 gxf6 27. Qf4
Rd7 28. Rfc1 Rxc7 29. Rxc7 Qb8 30. Qd6 Qd8 31. Qc6+ Kf8 32. Rc8 1-0

[Event "Under 1850 League"]
[Site "?"]
[Date "2020.02.23"]
[Round "2.2"]
[White "Mason, Edward"]
[Black "Phillips, Roger"]
[Result "1/2-1/2"]
[WhiteElo "1490"]
[BlackElo "1397"]
[PlyCount "60"]
[EventDate "2020.??.??"]
[EventType "team"]
[EventCountry "WLS"]
[WhiteTeam "Cardiff Lions"]
[BlackTeam "Ponty Youth"]

1. e4 e6 2. d4 d5 3. Nc3 dxe4 4. Nxe4 Bd7 5. Nf3 Bc6 6. Bd3 Nd7 7. O-O Ngf6 8.
Nxf6+ Qxf6 9. Be2 Bxf3 10. Bxf3 c6 11. Re1 Bd6 12. d5 Ne5 13. dxe6 Nxf3+ 14.
Qxf3 Qxf3 15. exf7+ Kxf7 16. gxf3 Rhe8 17. Be3 Re6 18. Rad1 Rae8 19. f4 Bxf4
20. Rd3 Bxe3 21. Rexe3 Rxe3 22. fxe3 Ke6 23. Rd4 Rf8 24. Kg2 Rf7 25. c4 c5 26.
Re4+ Kd6 27. Rf4 Rxf4 28. exf4 Ke6 29. a4 b6 30. Kf3 Kf5 1/2-1/2

[Event "Under 1850 League"]
[Site "?"]
[Date "2020.02.23"]
[Round "2.3"]
[White "Jaberansari, Ben"]
[Black "Shahameeran, Ashika"]
[Result "1-0"]
[WhiteElo "1255"]
[BlackElo "1255"]
[PlyCount "55"]
[EventDate "2020.??.??"]
[EventType "team"]
[EventCountry "WLS"]
[WhiteTeam "Ponty Youth"]
[BlackTeam "Cardiff Lions"]

1. e4 e5 2. Nf3 Nc6 3. Nc3 Nf6 4. d4 exd4 5. Nxd4 Bb4 6. Nxc6 bxc6 7. Bd3 O-O
8. O-O d5 9. Bg5 dxe4 10. Nxe4 Be7 11. Bf4 h6 12. Re1 Bb7 13. Qf3 Nxe4 14. Qxe4
f5 15. Qxe7 Qxe7 16. Rxe7 Rf7 17. Rxc7 Rxc7 18. Bxc7 Rc8 19. Ba5 g6 20. Re1 Kf7
21. Bc3 Re8 22. Bc4+ Kf8 23. Bb4+ Kg7 24. Rxe8 Kf6 25. Be7+ Ke5 26. Rb8 Kd4 27.
Be2 Ba6 28. Bxa6 1-0

[Event "Under 1850 League"]
[Site "?"]
[Date "2020.02.23"]
[Round "2.4"]
[White "Meara, Paul"]
[Black "Ryan, Tabitha"]
[Result "1-0"]
[WhiteElo "1219"]
[BlackElo "999"]
[PlyCount "119"]
[EventDate "2020.??.??"]
[EventType "team"]
[EventCountry "WLS"]
[WhiteTeam "Cardiff Lions"]
[BlackTeam "Ponty Youth"]

1. b4 e5 2. Bb2 Nc6 3. b5 Nd4 4. e3 Nf5 5. Bxe5 Bc5 6. d4 Bb4+ 7. c3 Bd6 8. Nf3
Qe7 9. Bd3 Bxe5 10. Bxf5 Bf4 11. O-O Bg5 12. Nxg5 Qxg5 13. Qg4 Qh6 14. Qe4+ Ne7
15. c4 Qg5 16. Bxd7+ Bxd7 17. Qxb7 Rc8 18. Qf3 Bg4 19. Qg3 h5 20. h3 h4 21.
Qxg4 Qxg4 22. hxg4 Rh7 23. Nd2 Kd7 24. Kh2 Rch8 25. Kh3 f5 26. f3 Ke6 27. d5+
Kf6 28. gxf5 Nxf5 29. e4 Ng3 30. Rfe1 g5 31. e5+ Kf5 32. Ne4 Nh5 33. g4+ Kf4
34. gxh5 Rxh5 35. Nf6 R5h6 36. Re4+ Kf5 37. Ng4 Rh5 38. Rf1 Rf8 39. e6 Rh7 40.
Re5+ Kg6 41. c5 Rb8 42. e7 Re8 43. Re6+ Kf5 44. Nf6 (44. Rf6#) 44... Rexe7 45.
Nxh7 Rxe6 46. dxe6 Kxe6 47. Nxg5+ Kd5 48. Kxh4 Kxc5 49. Ne6+ Kd6 50. Nxc7 Kxc7
51. f4 Kd7 52. Re1 Kd6 53. f5 Kc5 54. a4 Kb4 55. f6 Kxa4 56. f7 Kxb5 57. f8=Q
a5 58. Rc1 Kb6 59. Qc5+ Ka6 60. Rb1 1-0

[Event "Under 1850 League"]
[Site "?"]
[Date "2020.02.23"]
[Round "2.5"]
[White "Batey, Richard"]
[Black "Dineen, Robert"]
[Result "1-0"]
[WhiteElo "1875"]
[BlackElo "1788"]
[PlyCount "125"]
[EventDate "2020.??.??"]
[EventType "team"]
[EventCountry "WLS"]
[WhiteTeam "Abergavenny"]
[BlackTeam "NC Dragon Slayers"]

1. e4 d5 2. exd5 Qxd5 3. Nc3 Qa5 4. Nf3 Nf6 5. Be2 Bf5 6. O-O e6 7. a3 c6 8. d3
Nbd7 9. Be3 Be7 10. Nd4 Bg6 11. b4 Qd8 12. Nb3 O-O 13. Bf3 Nd5 14. Nxd5 exd5
15. Bd4 Bf6 16. Bxf6 Qxf6 17. g3 Rfe8 18. Bg2 Re7 19. Qd2 Rae8 20. Rae1 Bh5 21.
Re3 Ne5 22. Rfe1 Nf3+ 23. Bxf3 Bxf3 24. Rxe7 Rxe7 25. Rxe7 Qxe7 26. Qe3 {Draw?.
} Qxe3 27. fxe3 Bd1 28. Na1 f5 29. Kf2 Kf7 30. Ke1 Bh5 31. Nb3 Ke7 32. Na5 Be8
33. Nxb7 Ke6 34. Nc5+ Kd6 35. Kd2 g5 36. Kc3 h5 37. Kd4 Bg6 38. Nb3 Be8 39. Nd2
h4 40. Nf3 hxg3 41. hxg3 g4 42. Nh4 Bd7 43. Ng2 Be8 44. Nf4 Bf7 45. c4 dxc4 46.
dxc4 Be8 47. c5+ Ke7 48. Ke5 a5 49. Kxf5 Bd7+ 50. Ke5 axb4 51. axb4 Be8 52. Ne2
Bf7 53. Nd4 Bd5 54. e4 Bc4 55. Nxc6+ Kd7 56. Nd4 Ba6 57. b5 Bc8 58. Ne2 Kc7 59.
Nf4 Bd7 60. Nd5+ Kb8 61. c6 Be8 62. Kd6 Bg6 63. c7+ 1-0

[Event "Under 1850 League"]
[Site "?"]
[Date "2020.02.23"]
[Round "2.6"]
[White "Roberts, Emyr"]
[Black "Dixon, Chris"]
[Result "1/2-1/2"]
[WhiteElo "1619"]
[BlackElo "1803"]
[PlyCount "55"]
[EventDate "2020.??.??"]
[EventType "team"]
[EventCountry "WLS"]
[WhiteTeam "NC Dragon Slayers"]
[BlackTeam "Abergavenny"]

1. e4 e5 2. Nf3 Nf6 3. Nxe5 d6 4. Nf3 Nxe4 5. Be2 Be7 6. Nc3 Nxc3 7. bxc3 O-O
8. O-O Nc6 9. Rb1 Rb8 10. Re1 a6 11. d4 d5 12. h3 Bf5 13. Bd2 Bf6 14. Bd3 Bxd3
15. cxd3 Re8 16. Bf4 Rxe1+ 17. Qxe1 Qd7 18. Ne5 Nxe5 19. dxe5 Be7 20. d4 b5 21.
a4 Rb6 22. a5 Rc6 23. Rb3 Rc4 24. Rb1 c6 25. Be3 Qf5 26. Ra1 Qd3 27. Bd2 Qf5
28. Bc1 1/2-1/2

[Event "Under 1850 League"]
[Site "?"]
[Date "2020.02.23"]
[Round "2.7"]
[White "Mills, Paul"]
[Black "Swamy, Anshul"]
[Result "1-0"]
[WhiteElo "1528"]
[BlackElo "1319"]
[PlyCount "105"]
[EventDate "2020.??.??"]
[EventType "team"]
[EventCountry "WLS"]
[WhiteTeam "Abergavenny"]
[BlackTeam "NC Dragon Slayers"]

1. d4 d5 2. c4 e6 3. Nf3 c5 4. cxd5 exd5 5. Nc3 Nf6 6. Bg5 Be7 7. dxc5 Nc6 8.
e3 Ne4 9. Bxe7 Nxc3 10. Bxd8 Nxd1 11. Rxd1 Nxd8 12. Bb5+ Nc6 13. Ne5 a6 14. Ba4
b5 15. cxb6 Bd7 16. Nxd7 Kxd7 17. Rxd5+ Ke6 18. Bxc6 Rac8 19. Bb7 Rb8 20. Ra5
Rxb7 21. Rxa6 Rhb8 22. Ke2 Rxb6 23. Rxb6+ Rxb6 24. b3 Ra6 25. Ra1 f5 26. a3 Ke5
27. b4 Kd5 28. Kd3 Rh6 29. h3 Rg6 30. g3 Rh6 31. h4 Ra6 32. a4 h6 33. b5 Rb6
34. Rc1 g5 35. Rc6 Rxc6 36. bxc6 Kxc6 37. hxg5 hxg5 38. Kd4 Kb6 39. Ke5 Ka5 40.
Kxf5 Kxa4 41. Kxg5 Kb5 42. Kf6 Kc5 43. e4 Kd4 44. e5 Ke4 45. e6 Kf3 46. e7 Kxf2
47. e8=Q Kxg3 48. Qe4 Kh2 49. Qg4 Kh1 50. Kf5 Kh2 51. Kf4 Kh1 52. Kf3 Kh2 53.
Qg2# 1-0

[Event "Under 1850 League"]
[Site "?"]
[Date "2020.02.23"]
[Round "2.9"]
[White "Hurley, Jake"]
[Black "Pinch, David"]
[Result "0-1"]
[WhiteElo "1778"]
[BlackElo "1791"]
[PlyCount "99"]
[EventDate "2020.??.??"]
[EventType "team"]
[EventCountry "WLS"]
[WhiteTeam "Cardiff Tigers"]
[BlackTeam "Steynton"]

1. e4 e5 2. Nf3 Nf6 3. Nc3 d6 4. Bc4 Be7 5. O-O O-O 6. d4 Bg4 7. dxe5 Bxf3 8.
Qxf3 dxe5 9. Be3 c6 10. Qg3 Nbd7 11. f4 Nh5 12. Qf3 Nxf4 13. Rad1 Qc7 14. Bxf4
exf4 15. Qxf4 Qxf4 16. Rxf4 Ne5 17. Bb3 Rad8 18. Kf2 g6 19. Ke2 Kg7 20. h4 h5
21. g3 Bd6 22. Rdf1 Rd7 23. Rd1 Re8 24. Rd4 Ree7 25. Nd1 Ng4 26. Rf3 f5 27.
Rfd3 Rxe4+ 28. Ne3 Rxe3+ 29. Rxe3 Nxe3 30. Rxd6 Rxd6 31. Kxe3 Kf6 32. c3 Ke5
33. Bf7 Rf6 34. Bc4 f4+ 35. Kf3 fxg3+ 36. Kxg3 Rf4 37. Bd3 Rg4+ 38. Kf3 Kf6 39.
Be4 Rxh4 40. a4 Rxe4 41. Kxe4 g5 42. b4 h4 43. c4 g4 44. Kf4 g3 45. Kf3 Ke5 46.
b5 Kd6 47. a5 cxb5 48. cxb5 Kc5 49. a6 bxa6 50. bxa6 0-1

[Event "Under 1850 League"]
[Site "?"]
[Date "2020.02.23"]
[Round "2.10"]
[White "Jones, Martin C"]
[Black "Chong, Kimberly"]
[Result "0-1"]
[WhiteElo "1762"]
[BlackElo "1752"]
[PlyCount "78"]
[EventDate "2020.??.??"]
[EventType "team"]
[EventCountry "WLS"]
[WhiteTeam "Steynton"]
[BlackTeam "Cardiff Tigers"]

1. d4 Nf6 2. c4 e6 3. Nc3 d5 4. Nf3 Be7 5. g3 c5 6. cxd5 exd5 7. Bg2 O-O 8. O-O
Nc6 9. e3 Bg4 10. Qa4 a6 11. Ne5 Bd7 12. Nxd7 Qxd7 13. dxc5 Bxc5 14. Rd1 Qf5
15. Ne2 Nb4 16. Nd4 Qg6 17. Qb3 a5 18. a3 a4 19. Qc3 Na6 20. Bd2 Rac8 21. Rac1
Bb4 22. Qxc8 Rxc8 23. Rxc8+ Bf8 24. Bf1 Ne4 25. Be1 Nd6 26. Ra8 Nc4 27. Bxc4
dxc4 28. Nb5 Nc5 29. Rdd8 Ne6 30. Rdc8 Qb1 31. Kf1 Qd3+ 32. Kg2 Qd5+ 33. Kg1
Qxb5 34. Bb4 g6 35. Bxf8 Nxf8 36. Rxf8+ Kg7 37. Rfc8 Qxb2 38. Rxc4 b5 39. Rc7
Qb1+ 0-1